01260nam a22002895a 4500001001000000003000400010005001700014008004100031020001800072040003600090082001900126245008100145246005300226260006800279300003300347490002300380504004100403650004800444651001000492653003800502700003800540942000800578999001700586952011700603952012500720952012500845016946118OSt20161128144735.0141111s2013 enka frb 000 0 eng d a9780415842280 aStDuBDSbengcStDuBDSdEG-ScBUE04a333.7bECO22200aEconomics of natural & environmental resources /cedited by Vernon L. Smith.3 aEconomics of natural and environmental resources aOxon ;aNew York :bRoutledge / Taylor & Francis Group ;c2013. axi, 502 p. :bill. ;c23 cm.0 aRoutledge revivals aIncludes bibliographical references. 0aNatural resourcesxEconomic aspects.2BUEsh 2BUEsh bBUSECOcOctober2016cNovember20161 aSmith, Vernon L.,eeditor.941424 2ddc c22505d22477 00102ddc40708BaccahaMAINbMAINc1STd2016-10-11ePurchasel0o333.7 ECOp000033974r2025-07-15 00:00:00yBB 00102ddc40708BaccahaMAINbMAINc1STd2016-11-28ePurchaseg630.00l0o333.7 ECOp000040118r2025-07-15 00:00:00yBB 00102ddc40708BaccahaMAINbMAINc1STd2016-11-28ePurchaseg630.00l0o333.7 ECOp000040119r2025-07-15 00:00:00yBB